| 000 | 00590nam a2200181Ia 4500 | ||
|---|---|---|---|
| 003 | IN-BaIIA | ||
| 008 | 211028s9999 xx 000 0 eng d | ||
| 040 | _cIIA Library | ||
| 080 |
_a531.714 _bBEC |
||
| 100 |
_aBecker, E. _92004 |
||
| 245 | 0 |
_aTheorie der mikrometer und der mikrometrischen messungen am himmel _cE. Becker |
|
| 260 |
_aBreslau _bVerlag Von Eduard Trewendt _c1899 |
||
| 300 | _avii, 185p. | ||
| 650 | _aAstronomy and astrophysics thesaurus | ||
| 650 |
_aInstruments _92005 |
||
| 650 |
_aOptical instruments _92006 |
||
| 942 | _cBK | ||
| 999 |
_c935 _d935 |
||